000 00604nam a22002177a 4500
003 UA-OsUOA
001 137400
007 ta
008 20190516b un ||||| |||| 00| 0 ukr d
090 _a94(477)"1932/1933"
_bГ61
942 _cBK
040 _aUA-OsUOA
_bukr
_cUA-OsUOA
_dUA-OsUOA
245 _aГолодомор не зламав
_cВ. В'ятрович
300 _a32 с.
955 _a1
041 _aukr
080 _a94(477)"1932/1933"
260 _aК.
_bУІНП
_c2007
650 7 _a9 Географія. Біографії. Історія
_2UDC
999 _c420546
_d420546